Museo Retrospectivo de Farmacia y Medicina de los Laboratorios del Norte de España, S.A. (Record no. 87752)

MARC details
000 -LEADER
campo de control de longitud fija 01327nam a2200265 i 4500
001 - NÚMERO DE CONTROL
campo de control 87752
003 - IDENTIFICADOR DE NÚMERO DE CONTROL
campo de control ES-MaACL
005 - FECHA Y HORA DE LA ÚLTIMA TRANSACCIÓN
campo de control 20250419134548.0
007 - CAMPO FIJO DE DESCRIPCIÓN FÍSICA--INFORMACIÓN GENERAL
campo de control de longitud fija t|
008 - DATOS DE LONGITUD FIJA--INFORMACIÓN GENERAL
campo de control de longitud fija 041223s1952 sp ||||1| spa d
110 2# - ENTRADA PRINCIPAL--NOMBRE DE ENTIDAD CORPORATIVA
Nombre de entidad corporativa o nombre de jurisdicción como elemento de entrada Laboratorios del Norte de España.
9 (RLIN) 5476
245 10 - MENCIÓN DEL TÍTULO
Título Museo Retrospectivo de Farmacia y Medicina de los Laboratorios del Norte de España, S.A.
260 ## - PUBLICACIÓN, DISTRIBUCIÓN, ETC.
Lugar de publicación, distribución, etc. Masnou, Barcelona :
Nombre del editor, distribuidor, etc. Laboratorios del Norte de España,
Fecha de publicación, distribución, etc. 1952.
300 ## - DESCRIPCIÓN FÍSICA
Extensión 72 p. :
Otras características físicas il. ;
Dimensiones 23 cm.
505 8# - NOTA DE CONTENIDO CON FORMATO
Nota de contenido con formato Contiene: Génesis y desarrollo de los Laboratorios . La botica del Monasterio de Santa María la Real, de Nájera . Morteros . Cerámica . Material de laboratorio . Otras secciones: Documentación profesional antigua, Biblioteca, Grabado, Objetos varios
530 ## - NOTA DISPONIBLE DE FORMULARIO FÍSICO ADICIONAL
Nota de formato físico adicional disponible Disponible en formato digital.
594 ## - Nota al título y mención de responsabilidad
Nota al título y mención de responsabilidad Publ. ed. para conmemorar el 50 aniversario de la creación de los Laboratorios del Norte de España, en 1902 en Figueras.
610 24 - PUNTO DE ACCESO ADICIONAL DE MATERIA--NOMBRE DE ENTIDAD CORPORATIVA
Nombre de entidad corporativa o nombre de jurisdicción como elemento de entrada Laboratorios del Norte de España.
9 (RLIN) 5476
650 ## - PUNTO DE ACCESO ADICIONAL DE MATERIA--TÉRMINO DE MATERIA
Término de materia o nombre geográfico como elemento de entrada Farmacia-
Subdivisión general Aparatos e instrumentos.
9 (RLIN) 136086
650 #4 - PUNTO DE ACCESO ADICIONAL DE MATERIA--TÉRMINO DE MATERIA
Término de materia o nombre geográfico como elemento de entrada Medicina-
Subdivisión general Material y equipo.
9 (RLIN) 152803
852 ## - LOCALIZACIÓN
Ubicación ES-MaACL
Número de control de estantería 1948-F-16
Ubicación en estantería Depósito folletos
Nota libre Revisado enlace: 19 de Abril de 2025
856 ## - LOCALIZACIÓN Y ACCESO ELECTRÓNICOS
Identificador Uniforme de Recursos <a href="https://ddd.uab.cat/record/238743">https://ddd.uab.cat/record/238743</a>
Texto de enlace Dipòsit Digital de Documents de la UAB
942 ## - ELEMENTOS DE ENTRADA SECUNDARIOS (KOHA)
Fuente del sistema de clasificación o colocación Clasificación decimal universal
Holdings
Estatus retirado Estado de pérdida Estado de daño No para préstamo Colección Biblioteca de origen Biblioteca actual Ubicación en estantería Fecha de adquisición Fuente de adquisición Total de préstamos Signatura topográfica completa Código de barras Visto por última vez Precio de reemplazo Tipo de ítem Koha
        Colección de folletos Biblioteca del Ateneo de Madrid Biblioteca del Ateneo de Madrid Depósito folletos 17/01/2008     1948-F-16 1091672 23/02/2023 23/02/2023 Folleto